Λέρος
Saved in:
| Main Author: | |
|---|---|
| Format: | Book |
| Language: | Greek |
| Published: |
Αθήνα :
Μέλισσα,
c1984.
|
| Series: | Ελληνική παραδοσιακή αρχιτεκτονική
|
| Subjects: | |
| Tags: |
Add Tag
No Tags, Be the first to tag this record!
|
MARC
| LEADER | 00000cam a2200000 i 4500 | ||
|---|---|---|---|
| 001 | 1/83830 | ||
| 008 | 970317s1984 gr | ||| |||| ||gre|| | ||
| 035 | |a 1992 |b 3 |c Δωρεά |l 10034293 | ||
| 040 | |a GR-MyUa |b gre |e AACR2 | ||
| 041 | 0 | |a gre | |
| 082 | 7 | |a 722.80949587 | |
| 100 | 1 | |a Βενιάδου, Μαρίνα-Αθηνά. | |
| 245 | 1 | 0 | |a Λέρος / |c Μαρίνα-Αθηνά Βενιάδου. |
| 260 | |a Αθήνα : |b Μέλισσα, |c c1984. | ||
| 300 | |a 40 σ. : |b εικ. ; |c 30 εκ. | ||
| 490 | 1 | |a (Ελληνική παραδοσιακή αρχιτεκτονική) | |
| 650 | 0 | |a Vernacular architecture |z Greece |z Leros (Municipality) | |
| 650 | 0 | |a Architecture, Domestic |z Greece |z Leros (Municipality) | |
| 651 | 0 | |a Leros (Greece : Municipality) |x Buildings, structures, etc. | |
| 830 | 0 | |a Ελληνική παραδοσιακή αρχιτεκτονική | |
| 852 | |a INST |b RHODES |e 19970317 |h 722.80949587 ΒΕΝ |p 005400000039 |q 005400000039 |t BK |y 0 | ||
| 970 | |z 2000/06/ΟΙΚΟΝΟΜΟΠΟΥΛΟΥ (SUBJECT) | ||